| 000 | 00335nam a2200133Ia 4500 | ||
|---|---|---|---|
| 005 | 20251222143234.0 | ||
| 008 | 251222s9999||||xx |||||||||||||| ||spa|| | ||
| 020 | _a987-9191-71-4 | ||
| 082 | _a371.334/A81 | ||
| 100 | _aAsinsten, Juan Carlos | ||
| 245 | 0 | _aInformática para Docentes: | |
| 264 | _bNovedades Educativas | ||
| 942 | _cLIB | ||
| 999 |
_c14327 _d14327 |
||